| 000 | 00833nam a2200253 a 4500 | ||
|---|---|---|---|
| 001 | BRCA_346 | ||
| 005 | 20190320202953.0 | ||
| 008 | 881031s1988----ohua---##c---#001-0#eng-# | ||
| 020 | _a0915410508 | ||
| 020 | _a0915410516 | ||
| 040 |
_aDLC _cDLC _dDLC |
||
| 050 | 4 |
_aNK4210.W2 _b.W37 1988 |
|
| 100 | 1 |
_aWarner, Ian _91150 |
|
| 245 | 1 | 0 |
_aThe world of Wade _bcollectable porcelain and pottery _cby Ian Warner, Mike Posgay. |
| 260 |
_aMarietta, Ohio _bAntique Publications _c1988 |
||
| 300 |
_a188 p. _bil. (algunas a color) _c28 cm. |
||
| 500 | _aIncluye índice alfabético | ||
| 500 | _aDonación Consejo Británico | ||
| 610 | 2 | 4 |
_aWade _vCatálogos _xCeramistas _91151 |
| 650 | 1 | 4 |
_aPorcelana británica _vCatálogos _xColeccionistas y colecciones _ySiglo XX _91152 |
| 700 | 1 |
_aPosgay, Mike _91153 |
|
| 902 | _aDCB | ||
| 942 |
_2lcc _cB |
||
| 999 |
_c283 _d283 |
||